|
|
|
|
| LEADER |
00000nam a22000007a 4500 |
| 008 |
180629b2013 ag a|||| |||| 00| | spa d |
| 999 |
|
|
|c 3524
|d 3524
|
| 020 |
|
|
|a 9789500009867
|
| 090 |
|
|
|a 06.03.07
|b 2459
|
| 100 |
|
|
|9 3838
|a Mendoza, Eduardo Agustín
|
| 245 |
1 |
0 |
|a Ecosistemas terrestres /
|c Eduardo Agustín Mendoza, Silvia Noemí Passarino, Carlos Raúl Quiroga, Francis María Suárez
|
| 260 |
|
|
|a [Buenos Aires, Argentina] :
|b Ministerio de Educación de la Nación,
|c [2013]
|
| 300 |
|
|
|a 148 páginas;
|b ilustraciones
|
| 490 |
|
|
|a Escritura en ciencias,
|v 7
|
| 650 |
1 |
4 |
|9 996
|a ENSEÑANZA DE LAS CIENCIAS
|
| 700 |
|
|
|9 3839
|a Passarino, Silvia Noemí
|
| 700 |
|
|
|9 3840
|a Quiroga, Carlos Raúl
|
| 700 |
|
|
|9 3841
|a Suárez, Francis María
|
| 942 |
|
|
|i 004439
|h 06.03.07 2459
|2 z
|c 01
|